000 00413nam a2200181Ia 4500
003 0100
008 130303s9999 xx 000 0 und d
040 _cARRUPELIB
050 _aJC423.L581960
100 _aLipset, Seymour Martin
245 _aPolitical Man
245 _bThe Social Bases of politics
260 _aNY
260 _bDoubleday Anchor Books
260 _C1960
300 _a477p
942 0 0 _01
999 _c46982
_d46982